| 000 | 00801cab a2200241 4500 | ||
|---|---|---|---|
| 001 | WB3401-70 | ||
| 008 | 090401t1997 xxu||||| |||| 00| 0 eng d | ||
| 035 | _a(Sirsi) u82748 | ||
| 041 | _aeng | ||
| 245 | _aBusiness tenancy | ||
| 260 | _c1997 | ||
| 350 | _a0 | ||
| 490 |
_aEGCS _v1997 EGCS 169 (13/12/97) |
||
| 520 | _a"Montgomery v Sabella Ltd" CA 2 December 1997. S25 notice issued to tenant was not held to be valid as it was not in the prescribed form as laid down in the Landlord and Tenant Act 1954 Part II (Notices) Regulations 1983. | ||
| 650 | _aBUSINESS TENANCIES | ||
| 650 | _aNOTICE TO QUIT | ||
| 650 | _aSECTION 25 NOTICES | ||
| 650 | _aTERMINATION | ||
| 650 | _aVALIDITY | ||
| 690 | _aLANDLORD AND TENANT-CASE LAW-BUSINESS TENANCIES | ||
| 942 | _n0 | ||
| 948 | _c17/12/1997 | ||
| 999 |
_c52261 _d52261 |
||